Symphony . Guía avanzada / Edwards M. Baras. (Registro nro. 14835)
[ vista simple ]
| 000 -LÍDER | |
|---|---|
| fixed length control field | 00547nam a2200169 4500 |
| 008 - ELEMENTOS DE LONGITUD FIJA -- INFORMACIÓN GENERAL | |
| fixed length control field | 0 1987 0a 000 0MEX |
| 020 ## - NÚMERO INTERNACIONAL NORMALIZADO PARA LIBROS | |
| ISBN | 968-422-348-X |
| 050 ## - SIGNATURA TOPOGRAFICA DE LA BIBLIOTECA DEL CONGRESO (LC) | |
| Número de Clasificación | HF5548.4 B373 |
| 082 ## - NUMERO DE CLASIFICACION DECIMAL DEWEY | |
| Número de Clasificación | 001.642 5 B133s |
| 100 ## - ASIENTO PRINCIPAL--NOMBRE PERSONAL | |
| Nombre personal | Baras, Edward M. |
| 245 ## - TÍTULO | |
| Título | Symphony . Guía avanzada / Edwards M. Baras. |
| 260 ## - PUBLICACIÓN, DISTRIBUCIÓN, ETC. (PIE DE IMPRENTA) | |
| Lugar de publicación, distribución, etc. | México : Mcgraw Hill |
| 300 ## - DESCRIPCIÓN FÍSICA | |
| Extensión | 283 p. / 27cm |
| 500 ## - NOTA GENERAL | |
| Nota general | Incluye índices y ap‚ndices. |
| 650 ## - ASIENTO SECUNDARIO DE MATERIA - TERMINO TEMÁTICO | |
| Término temático o nombre geográfico como elemento de entrada | 1.NEGOCIOS-PROCESAMIENTO DE DATOS. |
| 700 ## - ASIENTO SECUNDARIO - NOMBRE PERSONAL | |
| Nombre personal | Tunez Rodriguez, Samuel, Tr. / Vaquero S nchez, Antonio, Rev. |
| No. biblioteca | No. biblioteca | Número de clasificación | Código de barras/Número de adquisición | Número de copia | Tipo de material |
|---|---|---|---|---|---|
| LUIS G. INCLAN | LUIS G. INCLAN | 001.642 5 B133s | 22532 | 1 | Libros |
| LUIS G. INCLAN | LUIS G. INCLAN | 001.642 5 B133s | 22531 | 1 | Libros |
